000 00324nam a2200121Ia 4500
005 20251222142007.0
008 251222s9999||||xx |||||||||||||| ||spa||
082 _a379.85/C24
100 _aCámere de la Torre Ugarte, Edistio
245 0 _aEducación, Más Allá de las Aulas: Ensayo
264 _bMar Adentro
942 _cLIB
999 _c10212
_d10212